[Event "SN-2016-0-00742"]
[Site "LSS email"]
[Date "2016.03.01"]
[Round "?"]
[White "Conde, Juan"]
[Black "Arango Marin, Sixto Gregorio"]
[Result "0-1"]
[WhiteElo "767"]
[BlackElo "774"]
[PlyCount "27"]
[EventDate "2016.02.20"]
[EventType "tourn (corr)"]
[EventRounds "6"]
[EventCountry "GER"]
[SourceTitle "Corr 2022"]
[Source "ChessBase"]
[SourceDate "2021.10.24"]
[SourceVersion "1"]
[SourceVersionDate "2021.10.24"]
[SourceQuality "1"]

1. e4 e5 2. Nf3 Nc6 3. Bc4 h6 4. 0-0 d6 5. c3 Nf6 6. Re1 Bg4 7. d4 Bxf3 8. gxf3 Be7 9. dxe5 dxe5 10. Qb3 0-0 11. Nd2 Na5 12. Qc2 Nxc4 13. b3 Nxd2 14. Bb2 0-1

[Event "OP-2015-0-03771"]
[Site "LSS email"]
[Date "2015.07.21"]
[Round "?"]
[White "Conde, Juan"]
[Black "Firnhaber, Ingo"]
[Result "0-1"]
[WhiteElo "782"]
[BlackElo "2411"]
[PlyCount "58"]
[EventDate "2015.07.12"]
[EventType "tourn (corr)"]
[EventRounds "4"]
[EventCountry "GER"]
[SourceTitle "Corr 2022"]
[Source "ChessBase"]
[SourceDate "2021.10.24"]
[SourceVersion "1"]
[SourceVersionDate "2021.10.24"]
[SourceQuality "1"]

1. e4 e5 2. Nf3 Nc6 3. Nc3 Nf6 4. Bc4 Bc5 5. 0-0 0-0 6. a3 d6 7. h3 Nd4 8. d3 Be6 9. Bxe6 Nxe6 10. b4 Bb6 11. Na4 c6 12. Nxb6 axb6 13. Bb2 b5 14. Re1 Qc7 15. Rc1 Nd7 16. c4 bxc4 17. dxc4 c5 18. Qd2 Nb6 19. Qc2 Nd4 20. Nxd4 cxd4 21. Qd3 Na4 22. Re2 Qd7 23. Ba1 Qe6 24. f4 f6 25. f5 Qd7 26. Rec2 Rfc8 27. Qb3 Qf7 28. Qf3 Rc6 29. c5 Rac8 0-1

[Event "OP-2015-0-03771"]
[Site "LSS email"]
[Date "2015.07.20"]
[Round "?"]
[White "Ucal, Mustafa"]
[Black "Conde, Juan"]
[Result "1-0"]
[WhiteElo "1602"]
[BlackElo "782"]
[PlyCount "34"]
[EventDate "2015.07.12"]
[EventType "tourn (corr)"]
[EventRounds "4"]
[EventCountry "GER"]
[SourceTitle "Corr 2022"]
[Source "ChessBase"]
[SourceDate "2021.10.24"]
[SourceVersion "1"]
[SourceVersionDate "2021.10.24"]
[SourceQuality "1"]

1. e4 c5 2. Nf3 Nc6 3. d4 cxd4 4. Nxd4 e5 5. Nb5 Nf6 6. Bc4 a6 7. Nd6+ Bxd6 8. Qxd6 Qe7 9. Qxe7+ Nxe7 10. Nc3 b5 11. Bb3 Bb7 12. f3 Rc8 13. Bg5 Nfg8 14. 0-0-0 h6 15. Be3 Nf6 16. a3 0-0 17. Rd3 Bc6 1-0

[Event "SN-2015-0-00690"]
[Site "LSS email"]
[Date "2015.07.19"]
[Round "?"]
[White "Conde, Juan"]
[Black "Coffman, Daniel"]
[Result "0-1"]
[WhiteElo "782"]
[BlackElo "800"]
[PlyCount "40"]
[EventDate "2015.07.03"]
[EventType "tourn (corr)"]
[EventRounds "6"]
[EventCountry "GER"]
[SourceTitle "Corr 2022"]
[Source "ChessBase"]
[SourceDate "2021.10.24"]
[SourceVersion "1"]
[SourceVersionDate "2021.10.24"]
[SourceQuality "1"]

1. e4 e6 2. d4 d5 3. e5 c5 4. Nf3 cxd4 5. Qxd4 Nc6 6. Qd1 Qc7 7. Bb5 Nge7 8. Nc3 a6 9. Bxc6+ bxc6 10. 0-0 c5 11. Bf4 Rb8 12. Qc1 h6 13. h3 Bb7 14. Nd2 Ng6 15. Nf3 d4 16. Ne2 Bxf3 17. gxf3 Nh4 18. Bg3 Nxf3+ 19. Kg2 Qb7 20. Re1 Nh4+ 0-1

[Event "OP-2015-0-03771"]
[Site "LSS email"]
[Date "2015.07.19"]
[Round "?"]
[White "Ermulin, Igor"]
[Black "Conde, Juan"]
[Result "1-0"]
[WhiteElo "800"]
[BlackElo "782"]
[PlyCount "26"]
[EventDate "2015.07.12"]
[EventType "tourn (corr)"]
[EventRounds "4"]
[EventCountry "GER"]
[SourceTitle "Corr 2022"]
[Source "ChessBase"]
[SourceDate "2021.10.24"]
[SourceVersion "1"]
[SourceVersionDate "2021.10.24"]
[SourceQuality "1"]

1. Nf3 Nf6 2. c4 e6 3. g3 Nc6 4. Bg2 d5 5. 0-0 d4 6. e3 e5 7. d3 Bc5 8. a3 a5 9. exd4 exd4 10. Re1+ Be6 11. Ng5 Qd7 12. Nxe6 fxe6 13. Bh3 Nd8 1-0

[Event "RN-2014-0-00891"]
[Site "LSS email"]
[Date "2014.12.16"]
[Round "?"]
[White "Conde, Juan"]
[Black "Hickl, Norbert"]
[Result "0-1"]
[WhiteElo "800"]
[BlackElo "931"]
[PlyCount "21"]
[EventDate "2014.12.04"]
[EventType "tourn (corr)"]
[EventRounds "6"]
[EventCountry "GER"]
[SourceTitle "Corr 2022"]
[Source "ChessBase"]
[SourceDate "2021.10.24"]
[SourceVersion "1"]
[SourceVersionDate "2021.10.24"]
[SourceQuality "1"]

1. d4 e6 2. e4 d5 3. exd5 exd5 4. Nf3 Bg4 5. Be2 Nc6 6. 0-0 Bd6 7. h3 Be6 8. Nc3 Qd7 9. Ng5 Bf5 10. Be3 h6 11. Nf3 0-1

[Event "RN-2014-0-00891"]
[Site "LSS email"]
[Date "2014.12.15"]
[Round "?"]
[White "Conde, Juan"]
[Black "Vontina, Maria"]
[Result "0-1"]
[WhiteElo "800"]
[BlackElo "784"]
[PlyCount "29"]
[EventDate "2014.12.04"]
[EventType "tourn (corr)"]
[EventRounds "6"]
[EventCountry "GER"]
[SourceTitle "Corr 2022"]
[Source "ChessBase"]
[SourceDate "2021.10.24"]
[SourceVersion "1"]
[SourceVersionDate "2021.10.24"]
[SourceQuality "1"]

1. e4 e6 2. d4 d5 3. exd5 exd5 4. Nf3 Bg4 5. Be2 Nf6 6. 0-0 Be7 7. Be3 0-0 8. Nbd2 c6 9. h3 Bh5 10. c3 Nbd7 11. Qc2 Re8 12. Rae1 Bg6 13. Bd3 Bxd3 14. Qxd3 Bd6 15. b3 0-1

[Event "RN-2014-0-00891"]
[Site "LSS email"]
[Date "2014.12.15"]
[Round "?"]
[White "Lenz, Juergen"]
[Black "Conde, Juan"]
[Result "1-0"]
[WhiteElo "1148"]
[BlackElo "800"]
[PlyCount "59"]
[EventDate "2014.12.04"]
[EventType "tourn (corr)"]
[EventRounds "6"]
[EventCountry "GER"]
[SourceTitle "Corr 2022"]
[Source "ChessBase"]
[SourceDate "2021.10.24"]
[SourceVersion "1"]
[SourceVersionDate "2021.10.24"]
[SourceQuality "1"]

1. d4 d5 2. Nf3 Nc6 3. Bf4 Bf5 4. e3 e6 5. c4 Nf6 6. Nc3 a6 7. Qb3 Rb8 8. Ne5 Nxe5 9. Bxe5 dxc4 10. Bxc4 Bd6 11. f4 0-0 12. h3 Ne4 13. Nxe4 Bxe4 14. 0-0 Qd7 15. Rad1 b5 16. Be2 f6 17. Bxd6 cxd6 18. Rc1 Kh8 19. Bf3 Bxf3 20. Rxf3 Rbe8 21. Rf2 e5 22. Rfc2 exf4 23. exf4 Qf5 24. Qf3 Re4 25. Rc8 Kg8 26. Rxf8+ Kxf8 27. Rc8+ Kf7 28. Rc7+ Kg6 29. Qg3+ Kh5 30. Rxg7 1-0

[Event "OP-2014-0-03280"]
[Site "LSS email"]
[Date "2014.02.05"]
[Round "?"]
[White "Lenz, Juergen"]
[Black "Conde, Juan"]
[Result "1-0"]
[WhiteElo "1074"]
[BlackElo "800"]
[PlyCount "22"]
[EventDate "2014.02.02"]
[EventType "tourn (corr)"]
[EventRounds "4"]
[EventCountry "GER"]
[SourceTitle "Corr 2022"]
[Source "ChessBase"]
[SourceDate "2021.10.24"]
[SourceVersion "1"]
[SourceVersionDate "2021.10.24"]
[SourceQuality "1"]

1. d4 Nf6 2. Nf3 e6 3. Bf4 c5 4. e3 d5 5. c3 c4 6. Nbd2 Bd6 7. Bg3 Nc6 8. Ne5 0-0 9. f4 Qb6 10. Qc2 a5 11. Bh4 Be7 1-0